000 00668nam a22002172 4500
001 0000023833
005 20151217154506.0
008 130403s xx 000 0 eng d
020 _a0750672948 :
040 _aKABU
_cKABU
100 1 _aWeiner, Ruth F.
_@0000183561
245 1 0 _aEnvironmental engineering /
_cRuth F. Weiner and Robin A. Matthews.
250 _a4th ed.
260 _aBoston :
_bButterworth-Heinemann,
_c2003.
300 _axiii, 484 p.
650 0 _aEnvironmental engineering.
_@0000156200
700 1 _aMatthews, Robin A.
_@0000183562
852 1 _9p7900 KES
908 _a130403
950 _@1
999 _c11494
_d11494